[Event "Temuco Universidad de La Frontera"]
[Site "Temuco"]
[Date "2017.07.20"]
[Round "4"]
[White "Mieres Huerta, Jason Andres"]
[Black "Poblete Quezada, Ricardo Alfon"]
[Result "1-0"]
[WhiteElo "1469"]
[BlackElo "1684"]
[PlyCount "69"]
[EventDate "2017.07.19"]
[EventType "tourn"]
[EventRounds "9"]
[EventCountry "CHI"]
[SourceTitle "EXT 2018"]
[Source "ChessBase"]
[SourceDate "2017.10.13"]
[SourceVersion "1"]
[SourceVersionDate "2017.10.13"]
[SourceQuality "1"]

1. e4 e5 2. Nf3 Nc6 3. d4 exd4 4. Nxd4 g6 5. f4 Bg7 6. Be3 d6 7. Bb5 Bd7 8. 0-0 Nge7 9. Nc3 0-0 10. f5 Nxd4 11. Bxd4 Bxd4+ 12. Qxd4 gxf5 13. Bxd7 Qxd7 14. exf5 Nc6 15. Qg4+ Kh8 16. Ne4 f6 17. Rae1 Qg7 18. Qh4 Ne5 19. Ng3 Rg8 20. Re2 Raf8 21. Nh5 Qh6 22. h3 Rg5 23. g4 Kg8 24. Kh2 Kf7 25. Qg3 Re8 26. Rfe1 Ke7 27. Nf4 Reg8 28. Qb3 b6 29. Qe6+ Kd8 30. Rxe5 Rxg4 31. R5e4 Rg3 32. Qf7 Rxh3+ 33. Nxh3 Kc8 34. Qxg8+ Kb7 35. Qd5+ 1-0

[Event "Temuco Universidad de La Frontera"]
[Site "Temuco"]
[Date "2017.07.20"]
[Round "6"]
[White "Poblete Quezada, Ricardo Alfon"]
[Black "Cifuentes Gallegos, Miguel Esteban"]
[Result "1-0"]
[WhiteElo "1684"]
[BlackElo "1321"]
[PlyCount "129"]
[EventDate "2017.07.19"]
[EventType "tourn"]
[EventRounds "9"]
[EventCountry "CHI"]
[SourceTitle "EXT 2018"]
[Source "ChessBase"]
[SourceDate "2017.10.13"]
[SourceVersion "1"]
[SourceVersionDate "2017.10.13"]
[SourceQuality "1"]

1. e4 g6 2. Nc3 Bg7 3. Bc4 Nf6 4. Nf3 0-0 5. 0-0 Nxe4 6. Nxe4 d5 7. Bd3 dxe4 8. Bxe4 Nd7 9. c3 Nf6 10. Bc2 b6 11. d4 Bb7 12. Bg5 h6 13. Bf4 Nh5 14. Be3 Qd6 15. Qd2 Kh7 16. Qe2 Nf6 17. Nh4 a5 18. Bd3 a4 19. f4 Ra5 20. Nf3 Nd5 21. Ne5 Nxe3 22. Qxe3 Ba6 23. Rf3 Bxd3 24. Qxd3 f5 25. Nc4 Qd5 26. Nxa5 Qxa5 27. h4 Rd8 28. Qc4 c5 29. d5 Qa8 30. Rd1 Rd6 31. Re3 Bf6 32. g3 h5 33. Re6 Rxe6 34. dxe6 a3 35. b4 cxb4 36. cxb4 b5 37. Qxb5 Qf3 38. Qd3 Qc6 39. Kh2 Qxe6 40. Rd2 Qe1 41. Qe2 Qb1 42. b5 Qb4 43. Rc2 Kh6 44. Qc4 Qd6 45. Qc6 Qd4 46. b6 Qa1 47. b7 Bd4 48. Qg2 Qb1 49. Rc8 Bg1+ 50. Kh3 Ba7 51. Rc3 Bb8 52. Rxa3 Qd1 53. Ra8 Qg4+ 54. Kh2 Bxf4 55. gxf4 Qxh4+ 56. Kg1 Qe1+ 57. Qf1 Qg3+ 58. Kh1 Qh4+ 59. Kg2 Qg4+ 60. Kf2 Qxf4+ 61. Ke2 Qe4+ 62. Kd2 Qb4+ 63. Kc2 Qe4+ 64. Qd3 Qg2+ 65. Qd2+ 1-0